书目信息 |
| 题名: |
地理学的理论与实践
|
|
| 作者: | ;中国地理学会 编 | |
| 分册: | ||
| 出版信息: | 北京 科学出版社 2001.07 |
|
| 页数: | 197页 | |
| 开本: | 26cm | |
| 丛书名: | ||
| 单 册: | ||
| 中图分类: | K90-53 | |
| 科图分类: | ||
| 主题词: | 地理 | |
| 电子资源: | ||
| ISBN: | 7-03-009241-4 | |
| 000 | 00762nam0 2200205 45 | |
| 001 | 0258477878 | |
| 005 | 2002041116143736 | |
| 010 | @a7-03-009241-4@dRMB 25.00 | |
| 100 | @a20020411d2001 km y0chiy0120 ea | |
| 101 | 0 | @achi |
| 102 | @aCN@b110000 | |
| 200 | 1 | @a地理学的理论与实践@Adi li xue de li lun yu shi jian@e纪念中国地理学会成立九十周年学术会议文集@f中国地理学会编@FZhong Guo Di Li Xue Hui Bian |
| 210 | @a北京@c科学出版社@d2001.07 | |
| 215 | @a197页@d26cm | |
| 517 | @a纪念中国地理学会成立九十周年学术会议文集@AJi Nian Zhong Guo Di Li Xue Hui Cheng Li Jiu Shi Zhou Nian Xue Shu Hui Yi Wen Ji | |
| 606 | 0 | @a地理 |
| 690 | @aK90-53@v3 | |
| 711 | 0 | @a中国地理学会@AZhong Guo Di Li Xue Hui@4编 |
| 801 | 0 | @aCN@bPFT@c20020411 |
| 905 | @a安徽大学@dK90-53@eZ554 | |
| 地理学的理论与实践:纪念中国地理学会成立九十周年学术会议文集/中国地理学会编.-北京:科学出版社,2001.07 |
| 197页;26cm |
| ISBN 7-03-009241-4:RMB 25.00 |
| ● |
| 相关链接 |
|
|
|
正题名:地理学的理论与实践
索取号:K90-53/Z554
 
预约/预借
| 序号 | 登录号 | 条形码 | 馆藏地/架位号 | 状态 | 备注 |
| 1 | 358708 | 203587083 | 社科库309/309社科库 11排4列5层/ [索取号:K90-53/Z554] | 在馆 | |
| 2 | 358709 | 203587092 | 社科库309/309社科库 11排4列5层/ [索取号:K90-53/Z554] | 在馆 | |
| 3 | 358710 | 203587109 | 社科库309/309社科库 11排4列5层/ [索取号:K90-53/Z554] | 在馆 |